|
|
|
|
| LEADER |
00000nam a2200000Ii 4500 |
| 001 |
DIGEDUNAV0022 |
| 003 |
NyNyDIG |
| 006 |
m o d |
| 007 |
cr ||||||||||| |
| 008 |
220606s2008 sp a ob 100 0 spa d |
| 035 |
|
|
|a (OCoLC)1333701673
|
| 040 |
|
|
|a DGITA
|b eng
|e rda
|e pn
|c DGITA
|
| 020 |
|
|
|z 9788431325237
|
| 050 |
1 |
4 |
|a P87.2 ebook
|
| 082 |
0 |
4 |
|a 302.2
|
| 111 |
2 |
|
|a Congreso Internacional de Comunicación
|n (21st :
|d 2006 :
|c Pamplona, Spain),
|j author.
|
| 245 |
1 |
4 |
|a Los jóvenes y el nuevo escenario de la comunicación :
|b actas del XXI Congreso Internacional de Comunicación /
|c Cristina Etayo Pérez [and 4 others], (editores)
|
| 264 |
|
1 |
|a Pamplona, España :
|b EUNSA, Ediciones Universidad de Navarra,
|c [2008]
|
| 300 |
|
|
|a 1 online resource :
|b illustrations.
|
| 336 |
|
|
|a text
|b txt
|2 rdacontent
|
| 337 |
|
|
|a computer
|b c
|2 rdamedia
|
| 338 |
|
|
|a online resource
|b cr
|2 rdacarrier
|
| 347 |
|
|
|a text file
|2 rdaft
|
| 347 |
|
|
|b PDF
|
| 490 |
1 |
|
|a Colección Comunicación
|
| 504 |
|
|
|a Includes bibliographical references.
|
| 588 |
0 |
|
|a Online resource; title from PDF title page (Digitalia, viewed June 6, 2022)
|
| 650 |
|
0 |
|a Communication
|v Congresses.
|
| 650 |
|
0 |
|a Mass media and youth
|v Congresses.
|
| 650 |
|
0 |
|a Communication
|v Congresses.
|
| 655 |
|
0 |
|a Electronic books.
|
| 700 |
1 |
|
|a Etayo Pérez, Cristina,
|e editor.
|
| 791 |
2 |
|
|a Digitalia (Firm),
|e distributor.
|
| 793 |
0 |
|
|g Digitalia eBook Collection:
|a Ediciones Universidad de Navarra
|
| 776 |
0 |
8 |
|i Print version:
|a Congreso Internacional de Comunicación (21st : 2006 : Pamplona, Spain).
|t Jóvenes y el nuevo escenario de la comunicación.
|b Primera edición.
|d Pamplona, España : EUNSA, Ediciones Universidad de Navarra, [2008]
|z 9788431325237
|
| 830 |
|
0 |
|a Colección Comunicación (Pamplona, Spain)
|
| 856 |
4 |
0 |
|3 Digitalia Hispánica
|u https://www.digitaliapublishing.com/a/51318/
|
| 910 |
|
|
|a Premium collection: 2022
|